al-Ilahiyat bayna al-Imam Jar Allah al-Zamakhshari (t. 538 H) wa-al-Imam Abi al-Barakat al-Nasafi (t. 710 H) : dirasah muqaranah /
Saved in:
| 主要作者: | |
|---|---|
| 格式: | Thesis 图书 |
| 语言: | Arabic |
| 出版: |
2013.
|
| 主题: | |
| 标签: |
添加标签
没有标签, 成为第一个标记此记录!
|
| LEADER | 01354cam a2200301 a 4500 | ||
|---|---|---|---|
| 001 | u985302 | ||
| 003 | SIRSI | ||
| 005 | 201312170849 | ||
| 008 | 131217s2013 jo v 000 0 ara m | ||
| 040 | |a UMM | ||
| 090 | |a BP166.2 |b Syemhsar | ||
| 100 | 0 | |a Syed Mohammad Hilmi Syed Abdul Rahman. | |
| 245 | 1 | 3 | |a al-Ilahiyat bayna al-Imam Jar Allah al-Zamakhshari (t. 538 H) wa-al-Imam Abi al-Barakat al-Nasafi (t. 710 H) : |b dirasah muqaranah / |c i`dad Sayyid Muhammad Hilmi ibn Sayyid `Abd al-Rahman. |
| 246 | 3 | 4 | |a Divinity between al-Imam Jar Allah al-Zamakhshari (d. 538H) and al-Imam Abi al-Barakat al-Nasafi (d. 710) : |b a comparative study |
| 260 | |c 2013. | ||
| 300 | |a [12] 234 leaves : |b ill. ; |c 30 cm. | ||
| 500 | |a Text in Arabic script. | ||
| 502 | |a Thesis (Ph.D) -- Jami`ah al-`Ulum al-Islamiyah al-`Alamiyah, 2013. | ||
| 504 | |a Bibliography: leaves 114-234. | ||
| 600 | 1 | |a Zamakhshari, Mahmud ibn `Umar, |d 1075-1144. | |
| 600 | 1 | |a Nasafi, `Abd Allah ibn Ahmad, |d -1310. | |
| 650 | 0 | |a God (Islam) |x History of doctrines. | |
| 650 | 0 | |a Islam |x Theology. | |
| 650 | 0 | |a Theology, Doctrinal |x Research. | |
| 710 | 2 | |a Jami`at al-`Ulum al-Islamiyah al-`Alamiyah. |b Kulliyat al-Dirasat al-`Ulya. |b Qism Usul al-Din. | |
| 900 | |a ZA | ||
| 596 | |a 1 | ||
| 999 | |a BP166.2 SYEMHSAR |w LC |c 1 |i A515709364 |d 16/4/2014 |f 16/4/2014 |g 1 |l STACKS |m P01UTAMA |r Y |s Y |t TESIS |u 15/4/2014 | ||
